Easy Geography True or False #1 - Statistics

General Stats
  • This quiz has been taken 115,420 times
  • The average score is 14 of 15
Answer Stats
Question Answer % Correct
The world's highest mountain is located in the United States False
98%
China has more people than the United States True
98%
The flag of Canada has a maple leaf on it True
98%
More than half of the Earth's surface is covered by water True
98%
There is a country named Chad True
97%
Egypt is in northern Africa True
96%
There is a country whose name is only one letter different than Iran True
96%
Russia is larger east-to-west than it is north-to-south True
95%
Most of the island of Greenland is covered with lush forests and grasslands, which is why it is called Greenland False
94%
The official language of Brazil is Spanish False
90%
The average airplane ride from Paris to London takes about 5 or 6 hours False
86%
More people live north of the equator than south of it True
83%
In some years, the Amazon completely dries up False
81%
Mumbai (formerly known as Bombay) is the capital of India False
81%
Scotland is a part of England False
74%
No matching quizzes found
Score Distribution
Percent of People with Each Score
Percentile by Number Answered
Your Score History
You have not taken this quiz